[Event "Condom op 10th"]
[Site "Condom"]
[Date "2010.07.14"]
[Round "5"]
[White "Viers, Emmanuel"]
[Black "Le Gallen, Luc"]
[Result "1-0"]
[WhiteElo "1844"]
[BlackElo "2012"]
[PlyCount "63"]
[EventDate "2010.07.??"]
[EventType "swiss"]
[EventRounds "9"]
[EventCountry "FRA"]
[SourceTitle "EXT 2011"]
[Source "ChessBase"]
[SourceDate "2010.11.26"]
[SourceVersion "1"]
[SourceVersionDate "2010.11.26"]
[SourceQuality "1"]

1. e4 c5 2. Nc3 e6 3. f4 d5 4. Bb5+ Nc6 5. d3 Bd7 6. Nf3 d4 7. Bxc6 Bxc6 8. Ne2 Nf6 9. 0-0 Be7 10. Qe1 0-0 11. Qg3 Rc8 12. e5 Nd5 13. f5 exf5 14. Bh6 g6 15. Bxf8 Bxf8 16. Nf4 Ne3 17. Rf2 Bg7 18. e6 Qe7 19. exf7+ Qxf7 20. Ng5 Qd7 21. Nfe6 Bf8 22. Nxf8 Rxf8 23. Qe5 Qd5 24. Qe6+ Qxe6 25. Nxe6 Re8 26. Nxc5 Ng4 27. Rd2 f4 28. Nb3 f3 29. gxf3 Ne5 30. Nxd4 Rd8 31. Nxc6 Nxf3+ 32. Kg2 1-0

[Event "Toulouse Cup"]
[Site "Toulouse"]
[Date "2009.06.28"]
[Round "?"]
[White "Ducret, Thomas"]
[Black "Le Gallen, Luc"]
[Result "1/2-1/2"]
[WhiteElo "2202"]
[BlackElo "1954"]
[PlyCount "77"]
[EventDate "2009.01.11"]
[EventType "team-tourn"]
[EventRounds "7"]
[EventCountry "FRA"]
[SourceTitle "EXT 2010"]
[Source "ChessBase"]
[SourceDate "2010.11.25"]
[SourceVersion "1"]
[SourceVersionDate "2010.11.25"]
[SourceQuality "1"]

1. Nf3 c5 2. c4 Nf6 3. Nc3 Nc6 4. d4 cxd4 5. Nxd4 e6 6. a3 d5 7. e3 Bc5 8. cxd5 exd5 9. Be2 0-0 10. 0-0 Re8 11. Nf3 a6 12. Qc2 Bd6 13. Rd1 h6 14. Qd3 Be6 15. b4 Rc8 16. Bb2 Ne5 17. Nxe5 Bxe5 18. f4 Bxc3 19. Bxc3 Ne4 20. Rac1 Qh4 21. Rf1 Bf5 22. Qd4 Rxc3 23. Rxc3 Nxc3 24. Qxc3 Rc8 25. Qd4 Be4 26. Bd3 Qe7 27. Rd1 Bxd3 28. Qxd3 Rc4 29. g3 b5 30. Kf2 Re4 31. Qxd5 Rxe3 32. Qd8+ Kh7 33. Qxe7 Rxe7 34. Rd6 Ra7 35. Rb6 Kg8 36. Rb8+ Kh7 37. h4 h5 38. Ke3 Re7+ 39. Kf3 1/2-1/2

[Event "Toulouse Cup"]
[Site "Toulouse"]
[Date "2009.02.15"]
[Round "4"]
[White "Le Gallen, Luc"]
[Black "Rodriguez, Angel"]
[Result "0-1"]
[WhiteElo "2117"]
[BlackElo "1948"]
[PlyCount "36"]
[EventDate "2009.01.11"]
[EventType "team-tourn"]
[EventRounds "7"]
[EventCountry "FRA"]
[SourceTitle "EXT 2010"]
[Source "ChessBase"]
[SourceDate "2010.11.25"]
[SourceVersion "1"]
[SourceVersionDate "2010.11.25"]
[SourceQuality "1"]

1. d4 f5 2. Bg5 g6 3. Nc3 Bg7 4. e4 fxe4 5. Nxe4 d5 6. Ng3 Nh6 7. Nf3 Nf7 8. Bd3 Nxg5 9. Nxg5 e5 10. Nxh7 e4 11. Nxe4 Rxh7 12. Qe2 dxe4 13. Bxe4 Kf8 14. 0-0-0 Qf6 15. Rd3 Nc6 16. c3 Bf5 17. f3 Re8 18. Kb1 Qe7 0-1